Normal view
MARC view
- Sociología organizacional
Entry Materia
001 - NÚMERO DE CONTROL DEL REGISTRO
- campo de control: 6548
003 - IDENTIFICADOR DE NUMERO DE CONTROL
- campo de control: MX-MxUPN
005 - FECHA Y HORA DE LA ÚLTIMA TRANSACCIÓN
- campo de control: 20240802131215.0
008 - DATOS DE LONGITUD FIJA
- campo de control de longitud fija: 231009nn annnnbabn n ana |d
035 ## - NÚMERO DE CONTROL DEL SISTEMA
- Número de control del sistema: UPN10000006550
040 ## - FUENTE DE LA CATALOGACIÓN
- Centro catalogador de origen: MX-MxUPN
- Lengua de catalogación: spa
053 #4 - NÚMERO CLASIFICADOR - BIBLIOTECA DEL CONGRESO (LC)
- Elemento numérico de la clasificación - Número único o no. inicial del rango: HM131
053 #4 - NÚMERO CLASIFICADOR - BIBLIOTECA DEL CONGRESO (LC)
- Elemento numérico de la clasificación - Número único o no. inicial del rango: HM786
150 ## - ENCABEZAMIENTO - TEMÁTICO
- Término de materia o nombre geográfico como elemento inicial: Sociología organizacional
670 ## - FUENTE EN LA QUE SE LOCALIZARON DATOS
- Cita de la fuente: LC Authorities, 9 octubre 2023 :
- Información localizada: (Organizational sociology)
- Identificador Uniforme del Recurso: https://lccn.loc.gov/sh91002392
902 ## - CATALOGADOR
- Catalogador: MMA/170204
- Catalogador: VíctorGodínez/091023
